| 000 | 01168nam a22002057a 4500 | ||
|---|---|---|---|
| 999 |
_c56981 _d56981 |
||
| 003 | Ge_BSU | ||
| 005 | 20190918120945.0 | ||
| 008 | 190918s2019 ge ||||| |||| 00| 0 geo d | ||
| 020 | _a9789941462986 | ||
| 041 | _ageo | ||
| 080 | _a711(479.223-25) ბ-17 | ||
| 245 |
_aბათუმის ურბანული მემკვიდრეობის მართვის სისტემური პრობლემები და მათი გადაჭრის გზები / _cრედ : თამარ ამაშუკელი ; ნინო ინაიშვილი. |
||
| 264 |
_aბათუმი : _bბათუმის შოთა რუსთაველის სახელმწიფო უნ-ტი, _c2019. |
||
| 300 |
_a175 გვ .: _c29 სმ. _e ილ. _bდანართი გვ : 167- 172 ; |
||
| 653 | _aდაგეგმარება | ||
| 653 | _aურბანისტიკა | ||
| 700 |
_aამაშუკელი , თამარ _eრედაქტორი _94081 |
||
| 700 |
_aინაიშვილი , ნინო _eრედაქტორი _92290 |
||
| 942 |
_2udc _cBK |
||